| 000 | 00827nam a2200253 a 4500 | ||
|---|---|---|---|
| 999 |
_c2257 _d2257 |
||
| 008 | 200228s2014 ii a|||| m|||a00| 0 eng d | ||
| 040 |
_aKO _beng |
||
| 041 | 0 | _aeng | |
| 044 | _aii | ||
| 082 | 0 | 4 |
_223 _a378.242 _bPRM1216 |
| 100 | 1 |
_aRaphy, Robin V _eResearcher |
|
| 245 | 1 | 0 |
_aGrowth of Container Trade in India / _cRobin V Raphy ; Guide Dr. Yogamala H. L. |
| 260 |
_aKochi : _bIndian Maritime University, _c2014 |
||
| 300 |
_a57 p. : _bill. ; _c29 cm. |
||
| 490 | 0 |
_aMBA Project 2012-14 ; _v12500081016 |
|
| 502 | _aProject (MBA)–Indian Maritime University. School of Maritime Management, 2014. | ||
| 650 | 0 | _aContainer terminals | |
| 650 | 0 | _aForeign trade regulation | |
| 655 | 7 |
_2lcsh _aDissertations, Academic _y2014 |
|
| 700 | 1 |
_aH. L., Yogamala _cDr. _eGuide |
|
| 904 | _aReshma_R | ||
| 942 | _cTH | ||